banner-ar

التربية و التعليم عند المصريين القدماء / (Record no. 61941)

MARC details
000 -الفاتح
حقل البيانات ثابتة الطول 01196nam a22002657a 4500
005 - وقت وتاريخ اخر تعامل مع التسجيلة
رقم الضبط 20240530110523.0
008 - عناصر البيانات ثابتة الطول - معلومات عامة
حقل البيانات ثابتة الطول 160223s2011 ua a f b 000 0 ara d
017 ## - رقم الايداع القانونى
رقم الايداع القانونى 2011/4467
المصدر ( الهيئة المختصة) مصر . دار الكتب المصرية
020 ## - الرقم الدولى المعيارى للكتب
الرقم الدولى المعيارى للكتاب 9789777044677
040 ## - مصدر الفهرسة
وكالة الفهرسة الأصلية EG-CaGPL
082 04 - رقم تصنيف ديوى العشرى
رقم الطبعة 21
رقم التصنيف 370.932
رقم المادة ق/ب ت
100 1# - المدخل الرئيسى - إسم شخصى
الإسم الشخصى برونر ، هيملوت .
245 12 - بيان العنوان
العنوان التربية و التعليم عند المصريين القدماء /
بيان المسئوليه,etc تاليف هيملوت برونر ؛ ترجمة مصطفى عبدالباسط ؛ مراجعة محمد ابوحطب خالد ؛ مراجعة تاريخية هليل غالى .
250 ## - بيان الطبعة
بيان الطبعة ط1.
260 ## - PUBLICATION, DISTRIBUTION, ETC. (IMPRINT)
تاريخ النشر أو التوزيع 2011 .
300 ## - الوصف المادى
التعداد 346 ص ؛
أبعاد الوعاء 24 سم .
490 0# - بيان السلسلة
عنوان السلسلة المشروع القومى للترجمة ، 1847 .
650 04 - المدخل الاضافى بالموضوع-مصطلح موضوعى
مصطلح موضوعي التعليم
التقسيم الفرعي العام تاريخ
التقسيم الفرعي الجغرافي مصر .
650 04 - المدخل الاضافى بالموضوع-مصطلح موضوعى
مصطلح موضوعي التعليم
التقسيم الفرعي الجغرافي مصر القديمة .
700 0# - المدخل الاضافى - اسم شخصى
الإسم الشخصى مصطفى عبدالباسط
الدور مترجم .
700 0# - المدخل الاضافى - اسم شخصى
الإسم الشخصى هليل غالى
الدور مراجع تاريخى .
700 0# - المدخل الاضافى - اسم شخصى
الإسم الشخصى محمد ابوحطب خالد
الدور مراجع .
942 ## - عناصر المدخل الإضافي( كوها)
مصدر التصنيف او مخطط الترفيف Dewey Decimal Classification
Koha [default] item type كتاب
260 ## - PUBLICATION, DISTRIBUTION, ETC. (IMPRINT)
-- القاهرة :
-- المركز القومى للترجمة ،
Holdings
حالة التراجع حالة الفقد حالة تلف ليس للاعارة المكان المؤقت الموقع الحالى تاريخ الاكتساب اجمالي اﻻعارات رقم الطلب الباركود تاريخ اخر مشاهدة تاريخ تفعيل السعر نوع وعاء كوها
        مكتبة القاهرة الكبرى مكتبة القاهرة الكبرى 02/23/2016   370.932 ق/ب ت 161396 02/23/2016 02/23/2016 كتاب

Powered By

EGPV